Historia de la filosofía / (Registro nro. 3686)

Detalles MARC
000 -LEADER
fixed length control field 01027nam a2200241Ia 4500
003 - CONTROL NUMBER IDENTIFIER
control field OSt
005 - DATE AND TIME OF LATEST TRANSACTION
control field 20200402121402.0
008 - FIXED-LENGTH DATA ELEMENTS--GENERAL INFORMATION
fixed length control field 191128s1954 sp g 000 0 spa d
040 ## - CATALOGING SOURCE
Original cataloging agency CO-JMCR
Transcribing agency CO-JMCR
082 04 - DEWEY DECIMAL CLASSIFICATION NUMBER
Classification number 109 /
Item number S416h
100 1# - MAIN ENTRY--PERSONAL NAME
Personal name Sciacca, Michele Federico,
Relator term autor
9 (RLIN) 1528
245 10 - TITLE STATEMENT
Title Historia de la filosofía /
Statement of responsibility, etc. Michele Federico Sciacca ; prólogo Adolfo Muñoz Alonso
250 ## - EDITION STATEMENT
Edition statement Segunda edición
260 ## - PUBLICATION, DISTRIBUTION, ETC.
Place of publication, distribution, etc. Barcelona :
Name of publisher, distributor, etc. Luis Miracle,
Date of publication, distribution, etc. 1954
300 ## - PHYSICAL DESCRIPTION
Extent 668 páginas ;
Dimensions 22 cm.
490 0# - SERIES STATEMENT
Series statement Biblioteca filosófica
500 ## - GENERAL NOTE
General note Incluye índice alfabético.
505 ## - FORMATTED CONTENTS NOTE
Formatted contents note La filosofía y sus problemas -- La filosofía presocrática y la crisis sofístico-atomista -- Sócrates y las escuelas socráticas menores -- Platón -- Aristóteles -- La filosofía helenístico-romana, en el epicureísmo y el estocismo
650 14 - SUBJECT ADDED ENTRY--TOPICAL TERM
Topical term or geographic name entry element Filosofía
General subdivision Historia
9 (RLIN) 1529
650 24 - SUBJECT ADDED ENTRY--TOPICAL TERM
Topical term or geographic name entry element Filosofía medieval
General subdivision Filosofía moderna
9 (RLIN) 1530
700 1# - ADDED ENTRY--PERSONAL NAME
Personal name Muñoz Alonso, Adolfo,
Relator term prologuista
9 (RLIN) 1531
942 ## - ADDED ENTRY ELEMENTS (KOHA)
Source of classification or shelving scheme Dewey Decimal Classification
Koha item type Books
Existencias
Withdrawn status Lost status Source of classification or shelving scheme Materials specified (bound volume or other part) Damaged status Not for loan Home library Current library Shelving location Date acquired Source of acquisition Cost, normal purchase price Total Checkouts Full call number Barcode Date last seen Date last checked out Copy number Price effective from Koha item type
    Dewey Decimal Classification Donación--10/04/2018--     Biblioteca Pública José María del Castillo y Rada Biblioteca Pública José María del Castillo y Rada General Stacks 11/28/2019 Donación 0.00 1 109 / S416h 201807669 05/16/2024 02/16/2024 Ej.1 11/28/2019 Books